Breve descripción de los viajes hechos en América por la Comisión Científica enviada por el gobierno de S. M. C. durante los años de 1862 a 1866 / (Record no. 21779)

MARC details
000 -LEADER
campo de control de longitud fija 00564nam a2200157 i 4500
001 - NÚMERO DE CONTROL
campo de control 21779
003 - IDENTIFICADOR DE NÚMERO DE CONTROL
campo de control ES-MaACL
007 - CAMPO FIJO DE DESCRIPCIÓN FÍSICA--INFORMACIÓN GENERAL
campo de control de longitud fija t|
008 - DATOS DE LONGITUD FIJA--INFORMACIÓN GENERAL
campo de control de longitud fija 021127s1866 sp ||||1| spa d
100 1# - ENTRADA PRINCIPAL--NOMBRE DE PERSONA
Nombre de persona Almagro, Manuel de.
9 (RLIN) 20072
245 10 - MENCIÓN DEL TÍTULO
Título Breve descripción de los viajes hechos en América por la Comisión Científica enviada por el gobierno de S. M. C. durante los años de 1862 a 1866 /
Mención de responsabilidad, etc. por Manuel de Almagro.
260 ## - PUBLICACIÓN, DISTRIBUCIÓN, ETC.
Lugar de publicación, distribución, etc. Madrid :
Nombre del editor, distribuidor, etc. M. Rivadeneyra,
Fecha de publicación, distribución, etc. 1866.
300 ## - DESCRIPCIÓN FÍSICA
Extensión 174 p. :
Otras características físicas 2 map. ;
Dimensiones 22 cm.
852 ## - LOCALIZACIÓN
Ubicación ES-MaACL
Número de control de estantería T-268-F-1
852 ## - LOCALIZACIÓN
Ubicación ES-MaACL
Número de control de estantería G-11452
Holdings
Estatus retirado Estado de pérdida Estado de daño No para préstamo Colección Biblioteca de origen Biblioteca actual Ubicación en estantería Fecha de adquisición Fuente de adquisición Total de préstamos Signatura topográfica completa Código de barras Visto por última vez Precio de reemplazo Tipo de ítem Koha
        Libros del s. XIX Biblioteca del Ateneo de Madrid Biblioteca del Ateneo de Madrid Sala Pecera Planta 3 17/01/2008     G-11452 1022386 23/02/2023 23/02/2023 Libro impreso antiguo
        Colección de folletos Biblioteca del Ateneo de Madrid Biblioteca del Ateneo de Madrid Depósito folletos 17/01/2008     T-268-F-1 1022385 23/02/2023 23/02/2023 Folleto